Suomen kielen yleisimmät kirjaimet - 3 elämää - Statistics

Yleistilastot
  • Tätä visaa on pelattu 2 106 kertaa
  • Keskiarvotulos 8 / 10
Vastaustilastot
% Kirjain % Oikein
11,9 A
100%
8,2 E
93%
10,6 I
93%
5,2 O
89%
5,3 K
83%
7,9 S
76%
5,1 U
75%
5,7 L
73%
9,8 T
69%
8,7 N
65%
Ehtoja vastaavia visoja ei löytynyt
Tulosjakauma
Jokaisen tuloksen saaneiden osuus
Persentiili vastausten määrän mukaan
Tuloshistoriasi
Et ole pelannut tätä visaa